000 00672nam a2200277Ia 4500
005 20260324131417.0
008 008 260324s9999 xx 000 0 eng d
020 _a9781315595351
037 _aEBOOK
040 _aCRL
040 _beng
040 _cCRL
041 _2eng
041 _aeng
084 _qCRL
100 _aJoshua D. Freilich; Rob T. Guerette
_91185415
245 0 _aMigration, Culture Conflict, Crime and Terrorism
260 _bTaylor and Francis
260 _c2006
365 _a
365 _b240
856 _uhttp://www.taylorfrancis.com/books/9781315595351
942 _cEBOOK
999 _c1782525
_d1782525